मानक संस्कृत व्याकरण (Record no. 5437)
[ view plain ]
| 000 -LEADER | |
|---|---|
| fixed length control field | 01007 a2200217 4500 |
| 005 - DATE AND TIME OF LATEST TRANSACTION | |
| control field | 20080909130054.0 |
| 008 - FIXED-LENGTH DATA ELEMENTS--GENERAL INFORMATION | |
| fixed length control field | 080909t xxu||||| |||| 00| 0 hin d |
| 010 ## - LIBRARY OF CONGRESS CONTROL NUMBER | |
| LC control number | HIN-80305 |
| 020 ## - INTERNATIONAL STANDARD BOOK NUMBER | |
| Terms of availability | 200.00 |
| International Standard Book Number | 8188459194 |
| 035 ## - SYSTEM CONTROL NUMBER | |
| System control number | HN-52651 |
| 037 ## - SOURCE OF ACQUISITION | |
| Source of stock number/acquisition | D.B.Act / pub |
| 082 ## - DEWEY DECIMAL CLASSIFICATION NUMBER | |
| Classification number | 415 |
| 100 ## - MAIN ENTRY--PERSONAL NAME | |
| Personal name | परमानन्द प्रभाकर |
| 245 ## - TITLE STATEMENT | |
| Title | मानक संस्कृत व्याकरण |
| Statement of responsibility, etc | परमानन्द प्रभाकर |
| 246 ## - VARYING FORM OF TITLE | |
| Remainder of title | by Pramanand Prabhakar |
| Title proper/short title | Manak Sanskrit vyakaran |
| 260 ## - PUBLICATION, DISTRIBUTION, ETC. (IMPRINT) | |
| Place of publication, distribution, etc | दिल्ली |
| Name of publisher, distributor, etc | शुभद्रा प्रकाशन |
| Date of publication, distribution, etc | 2006 |
| 270 ## - ADDRESS | |
| Address | 1/11052-ए, सुभाष पार्क, शाहदरा |
| City | दिल्ली |
| Postal code | 110032 |
| 300 ## - PHYSICAL DESCRIPTION | |
| Extent | 42पृ |
| Dimensions | 22 सेमी(सजिल्द) |
| 942 ## - ADDED ENTRY ELEMENTS (KOHA) | |
| Institution code [OBSOLETE] | dpl |
| Koha item type | Hindi Books |
| Call number prefix | 415 / परमा |
| Source of classification or shelving scheme | Dewey Decimal Classification |
| Classification part | 415 |
| Call number suffix | परमा |
| Withdrawn status | Lost status | Damaged status | Not for loan | Home library | Current library | Date acquired | Cost, normal purchase price | Total Checkouts | Full call number | Barcode | Date last seen | Copy number | Uniform Resource Identifier | Cost, replacement price | Price effective from | Koha item type |
|---|---|---|---|---|---|---|---|---|---|---|---|---|---|---|---|---|
| D.B.Act.Division | D.B.Act.Division | 09/09/2008 | 200.00 | 415 परमा | HN-52651 | 15/09/2008 | 1 | 5784 | 200.00 | 15/09/2008 | Hindi Books |
